The murky ground of village greens (Record no. 74065)

MARC details
000 -LEADER
fixed length control field 02300cab a2200313 4500
001 - CONTROL NUMBER
control field ABS67450
008 - FIXED-LENGTH DATA ELEMENTS--GENERAL INFORMATION
fixed length control field 040123n2004 000 0 eng u
035 ## - SYSTEM CONTROL NUMBER
System control number (Sirsi) u124896
100 ## - MAIN ENTRY--PERSONAL NAME
Personal name Berry, J.
245 #4 - TITLE STATEMENT
Title The murky ground of village greens
260 ## - PUBLICATION, DISTRIBUTION, ETC.
Date of publication, distribution, etc. 2004
490 ## - SERIES STATEMENT
Series statement Estates Gazette
Volume/sequential designation (0402) 10 January 2004, 84-86(2)
520 ## - SUMMARY, ETC.
Summary, etc. Outlines the complex legal framework for the registration of town and village greens under the Commons Registration Act 1965. Examines how the courts have dealt with applications for registration of village greens. Refers extensively to case law throughout. "R v Oxfordshire CC ex p Sunningwell Parish Council" (HL, Abs60977) opened the floodgate from last resort applications to prevent development and although "R v Sunderland CC ex p Beresford" ([2003] UKHL 60, Abs67285) found in favour of registration, the case highlights the difficulties which landowners can face when opposing such applications. Discusses "Beresford" in some depth highlighting its implications for landowners and property developers. "R v Buckinghamshire CC and another ex p Laing Homes Ltd" ([2003] EWHC 1578, Abs67014) found in favour of the developer Laing dismissing the users claim that they had use of the land as of right. "R v South Gloucestershire DC ex p Cheltenham Builders" ([2003] EWHC 2803 (Admin), [2004] JPL 975) quashed registration on grounds of user, fairness and locality. "R v Staffordshire CC ex p Alfred McAlpine Homes Ltd" [2002] EWHC 86 (Admin), [2002] 2 PLR 1) held that as few as six local inhabitants constituted a significant number to signify use in general by inhabitants of the community.
590 ## - LOCAL NOTE (RLIN)
Local note ABS
650 ## - SUBJECT ADDED ENTRY--TOPICAL TERM
Topical term or geographic name entry element VILLAGE GREENS
650 ## - SUBJECT ADDED ENTRY--TOPICAL TERM
Topical term or geographic name entry element TOWN GREENS
650 ## - SUBJECT ADDED ENTRY--TOPICAL TERM
Topical term or geographic name entry element LAW OF COMMONS
650 ## - SUBJECT ADDED ENTRY--TOPICAL TERM
Topical term or geographic name entry element COMMONS REGISTRATION ACT 1965
650 ## - SUBJECT ADDED ENTRY--TOPICAL TERM
Topical term or geographic name entry element R V OXFORDSHIRE CC AND ANOTHER EX P SUNNINGWELL PARISH COUNCIL
650 ## - SUBJECT ADDED ENTRY--TOPICAL TERM
Topical term or geographic name entry element R V SUNDERLAND CITY COUNCIL EX P BERESFORD
650 ## - SUBJECT ADDED ENTRY--TOPICAL TERM
Topical term or geographic name entry element R V SUFFOLK CC EX P STEED AND ANOTHER
650 ## - SUBJECT ADDED ENTRY--TOPICAL TERM
Topical term or geographic name entry element R V BUCKINGHAMSHIRE CC AND ANOTHER EX P LAING HOMES LTD
650 ## - SUBJECT ADDED ENTRY--TOPICAL TERM
Topical term or geographic name entry element R V SOUTH GLOUCESTERSHIRE DC EX P CHELTENHAM BUILDERS LTD
650 ## - SUBJECT ADDED ENTRY--TOPICAL TERM
Topical term or geographic name entry element R V STAFFORDSHIRE CC EX P ALFRED MCALPINE HOMES LTD
650 ## - SUBJECT ADDED ENTRY--TOPICAL TERM
Topical term or geographic name entry element OPEN SPACES
690 ## - LOCAL SUBJECT ADDED ENTRY--TOPICAL TERM (OCLC, RLIN)
Topical term or geographic name as entry element PROPERTY
700 ## - ADDED ENTRY--PERSONAL NAME
Personal name Cawley, E.
942 ## - ADDED ENTRY ELEMENTS (KOHA)
Suppress in OPAC 0
Holdings
Withdrawn status Lost status Source of classification or shelving scheme Damaged status Not for loan Home library Current library Shelving location Date acquired Total Checkouts Full call number Barcode Date last seen Copy number Price effective from Koha item type
    Dewey Decimal Classification     London London Journal article 23/01/2004   ABS67450 124896-1001 06/08/2019 1 06/08/2019 Journal article